[Event "NOR-ch Class4"]
[Site "Larvik"]
[Date "2019.07.11"]
[Round "7"]
[White "Tobiassen, Richard"]
[Black "Lund, Scott Macody"]
[Result "1/2-1/2"]
[WhiteElo "1321"]
[BlackElo "1389"]
[PlyCount "41"]
[EventDate "2019.07.05"]
[EventType "swiss"]
[EventRounds "9"]
[EventCountry "NOR"]
[SourceTitle "EXT 2024"]
[Source "ChessBase"]
[SourceDate "2023.10.10"]
[SourceVersion "1"]
[SourceVersionDate "2023.10.10"]
[SourceQuality "1"]

1. d4 Nf6 2. Bf4 g6 3. e3 Bg7 4. Nf3 d6 5. Be2 0-0 6. 0-0 Nh5 7. Nbd2 Nxf4 8. exf4 c5 9. c3 cxd4 10. Nxd4 Nc6 11. N2f3 Qd7 12. Bb5 a6 13. Qa4 Qc7 14. Nxc6 bxc6 15. Bxc6 Rb8 16. Rab1 Bf5 17. Be4 Bxe4 18. Qxe4 e6 19. Qd3 d5 20. g3 Qa5 21. a3 1/2-1/2